Statistiken für Top 15 der betroffenen Covid-19-Länder - 9. Juni

Klicken Sie hier um das Quiz zu spielen!

Allgemein

  • Dieses Quiz wurde 16 mal gespielt
  • Das Durchschnittsergebnis liegt bei 13 aus 26

Antwortstatistiken

Land% Korrekt
Vereinigte Staaten
93%
Frankreich
87%
Brasilien
80%
Deutschland
80%
Russland
80%
Spanien
80%
Vereinigtes Königreich
73%
Italien
67%
Schweden
60%
Indien
53%
Mexiko
53%
Peru
53%
Türkei
53%
Iran
47%
Chile
40%
Chile
40%
Saudi-Arabien
40%
Bahrain
33%
Belgien
33%
Katar
33%
Irland
27%
Kuwait
27%
Weißrussland
27%
Armenien
20%
Singapur
20%
Vereinigte Arabische Emirate
20%

Verteilung der Resultate

Perzentil nach korrekt beantworteten Fragen

Anzahl Personen mit jedem Resultat

Ihre Resultats-Entwicklung

Sie haben dieses Quiz noch nicht gespielt